Gwadar on the global chessboard : (Record no. 188914)
[ view plain ]
| 000 -LEADER | |
|---|---|
| fixed length control field | 00885 a2200181 4500 |
| 003 - CONTROL NUMBER IDENTIFIER | |
| control field | NUST |
| 005 - DATE AND TIME OF LATEST TRANSACTION | |
| control field | 20230209130103.0 |
| 010 ## - LIBRARY OF CONGRESS CONTROL NUMBER | |
| LC control number | 2010342405 |
| 020 ## - INTERNATIONAL STANDARD BOOK NUMBER | |
| International Standard Book Number | 9789690022660 |
| 040 ## - CATALOGING SOURCE | |
| Transcribing agency | Nust |
| 082 ## - DEWEY DECIMAL CLASSIFICATION NUMBER | |
| Classification number | 954.91,MIR |
| 100 1# - MAIN ENTRY--PERSONAL NAME | |
| Personal name | Mir, Nadir. |
| 9 (RLIN) | 3924 |
| 245 10 - TITLE STATEMENT | |
| Title | Gwadar on the global chessboard : |
| Remainder of title | Pakistan's identity, history and culture / |
| Statement of responsibility, etc. | Nadir Mir. |
| 260 ## - PUBLICATION, DISTRIBUTION, ETC. | |
| Place of publication, distribution, etc. | Lahore : |
| Name of publisher, distributor, etc. | Ferozsons, |
| Date of publication, distribution, etc. | 2010. |
| 300 ## - PHYSICAL DESCRIPTION | |
| Extent | 200 p. : |
| Other physical details | ill., maps; |
| Dimensions | 22 cm. |
| 505 ## - FORMATTED CONTENTS NOTE | |
| Formatted contents note | Introduction to Gawadar (Page-10), Pioneers of Gawadrs (Page-26), Gwadar as Pivot Concept year 2000 (Page-34), Towards Multi Regional Pakistan (Page-41), Gawdar on the Global Chessboard (Page-71), Pakistan New Global Energy Player (Page-86), Global Gawadar Metropolis Vision 2025 (Page-128), Gawdar and Dubai (Page-148), New Identity and Density (Page-157), Beyond and Geopolitics (Page-178). |
| 942 ## - ADDED ENTRY ELEMENTS (KOHA) | |
| Source of classification or shelving scheme | |
| Koha item type | Book |
| Call number prefix | 954.91,MIR |
| Withdrawn status | Lost status | Source of classification or shelving scheme | Damaged status | Not for loan | Permanent Location | Current Location | Shelving location | Date acquired | Total Checkouts | Full call number | Barcode | Date last seen | Date last checked out | Price effective from | Koha item type | Public note |
|---|---|---|---|---|---|---|---|---|---|---|---|---|---|---|---|---|
| Military College of Signals (MCS) | Military College of Signals (MCS) | General Stacks | 12/12/2016 | 1 | 954.91,MIR | MCS34755 | 03/16/2023 | 03/02/2023 | 12/12/2016 | Book | Almirah No.62, Shelf No.2 |
